| 000 | 01101nam a22002297a 4500 | ||
|---|---|---|---|
| 005 | 20250520163126.0 | ||
| 008 | 250520b |||||||| |||| 00| 0 eng d | ||
| 020 | _a978-81-8455-290-4 (hbk) | ||
| 037 | _cTB | ||
| 040 |
_aBL _cBL |
||
| 041 |
_2hin _ahin |
||
| 084 |
_aO152,1M50:g R3 _qBL |
||
| 100 |
_aयादव, वीरेन्द्र सिंह _9809147 |
||
| 245 |
_aभारतेन्दु हरिश्चन्द्र का रचना संसार: _bएक पुनर्मूल्यांकन |
||
| 260 |
_aनई दिल्ली, भारत: _bओमेगा पब्लिकेशन्स, _c2023. |
||
| 300 | _a277पृ. | ||
| 365 |
_b1036.00 _cINR |
||
| 650 | _aहिन्दी कविता | ||
| 650 | _aहिन्दी साहित्य | ||
| 942 |
_2CC _cTB _hO152,1M50:g R3 _n0 |
||
| 999 |
_c1428917 _d1428917 |
||